000 00540nam a2200181Ia 4500
999 _c30028
_d30028
003 OSt
005 20201224102737.0
008 190216s9999||||xx |||||||||||||| ||und||
020 _a9788182647107
040 _coclc
082 _a910
_bKUN/V
100 _a Kunhabdulla, Punathil
_96411
245 0 _aVolgayil Manju Peyyumbol /
_cPunathil Kunhabdulla
260 _bMathrubhumi Printing And Publishing,
_c2009.
_aKozhikode:
300 _a96p
650 _aYathravivaranam
942 _cBK
_2ddc
_h910
_iKUN/V
_k910
_mKUN/V